| 000 | 02949nam a22003377a 4500 | ||
|---|---|---|---|
| 005 | 20110125140113.0 | ||
| 008 | 110125t xxu||||| |||| 00| 0 mar d | ||
| 010 | _aHIN-93434 B-477632-636 | ||
| 020 |
_a9789381063064 _c225.00 |
||
| 035 | _aHN-65780 B-477632-636 | ||
| 037 | _bDBAD / PUB | ||
| 037 | _bरिसर्चो बुक सेंटर | ||
| 040 |
_aDPL _bHN |
||
| 082 | _a230.2 | ||
| 100 |
_925582 _aजोशी, दिनकर |
||
| 245 |
_aरामायण के पात्र / _cदिनकर जोशी; त्रिवेणी प्रसाद शुक्ल एवं प्रज्ञा शुक्ल द्वारा अनुदित |
||
| 246 |
_aRamayan ke patra _bby Dinkar Joshi |
||
| 260 |
_aग्रंथ अकादमी _bनई दिल्ली _c2011 |
||
| 270 |
_a1659 पुराना दरियागंज _bनई दिल्ली _e110002 |
||
| 300 |
_a176पृ _c22सेमी (सजिल्द) |
||
| 700 |
_925583 _aशुक्ल , त्रिवेणी प्रसाद |
||
| 700 |
_aशुक्ल, प्रज्ञा _930222 |
||
| 942 |
_2ddc _cHN _h230.2 _mजोशीदि |
||
| 999 |
_c54476 _d54476 |
||